[Event "14th American Continental"]
[Site "Sao Paulo BRA"]
[Date "2019.07.13"]
[Round "11.3"]
[White "Perez Ponsa, F."]
[Black "Delgado Ramirez, N."]
[Result "0-1"]
[WhiteElo "2560"]
[BlackElo "2605"]
[PlyCount "100"]
[EventDate "2019.07.05"]
[EventType "swiss"]
[EventRounds "11"]
[EventCountry "BRA"]
[SourceTitle "The Week in Chess 1288"]
[Source "Mark Crowther"]
[SourceDate "2019.07.15"]
[SourceVersion "2"]
[SourceVersionDate "2019.07.21"]
[SourceQuality "2"]

1. e4 c5 2. Nf3 Nc6 3. d4 cxd4 4. Nxd4 Nf6 5. Nc3 d6 6. f3 e5 7. Nb3 Be7 8. Be3
O-O 9. Qd2 a5 10. Bb5 Na7 11. Bd3 Bd7 12. a4 Nc6 13. O-O Be6 14. Bb5 Nb4 15.
Qf2 Qb8 16. Rad1 Rc8 17. Rfe1 h6 18. h3 Bf8 19. Kh1 d5 20. exd5 Nfxd5 21. Nxd5
Nxd5 22. Bc1 Qc7 23. Re2 Nb4 24. Na1 Rd8 25. Rde1 Bf5 26. Be3 Nd5 27. Bc1 Bd6
28. Nb3 Bg6 29. c4 Nb4 30. c5 Bf8 31. f4 Bd3 32. fxe5 Bxb5 33. axb5 Nd3 34. Qg3
Nxe1 35. Rxe1 a4 36. Nd2 Bxc5 37. Ne4 Kh8 38. Bxh6 gxh6 39. Qf4 Bf8 40. Nf6 Qc2
41. Re4 Rd1+ 42. Kh2 Rd2 43. Qg3 Bg7 44. Rg4 Bxf6 45. exf6 Rd5 46. h4 Qd3 47.
Qf4 Rg8 48. Rg7 Rxg7 49. Qxh6+ Qh7 50. fxg7+ Kg8 0-1

[Event "Contaud Open 2019"]
[Site "Cuiaba BRA"]
[Date "2019.05.31"]
[Round "1.3"]
[White "Delgado Ramirez, N."]
[Black "Romais, Rodrigo"]
[Result "1-0"]
[WhiteElo "2613"]
[BlackElo "1643"]
[PlyCount "61"]
[EventDate "2019.05.31"]
[EventType "swiss"]
[EventRounds "6"]
[EventCountry "BRA"]
[SourceTitle "The Week in Chess 1282"]
[Source "Mark Crowther"]
[SourceDate "2019.06.03"]
[SourceVersion "1"]
[SourceVersionDate "2019.06.03"]
[SourceQuality "2"]

1. e4 e6 2. d4 d5 3. Nc3 Nf6 4. e5 Nfd7 5. Nce2 c5 6. c3 Nc6 7. Nf3 Qb6 8. a3
Be7 9. h4 f6 10. Nf4 Nf8 11. Bd3 Bd7 12. O-O cxd4 13. cxd4 Nxd4 14. Nxd4 Qxd4
15. Bg6+ Nxg6 16. Qxd4 fxe5 17. Qc3 d4 18. Qb3 Nxf4 19. Bxf4 exf4 20. Qxb7 Rd8
21. Qxa7 Bxh4 22. Qxd4 Bf6 23. Qb4 Rf8 24. Rad1 Kf7 25. Qb7 Kg8 26. Rxd7 Rb8
27. Qe4 Rxb2 28. Qxe6+ Kh8 29. Rf7 Rfb8 30. a4 R2b6 31. Qxb6 1-0

[Event "Contaud Open 2019"]
[Site "Cuiaba BRA"]
[Date "2019.05.31"]
[Round "2.3"]
[White "Baeta, M."]
[Black "Delgado Ramirez, N."]
[Result "0-1"]
[WhiteElo "1895"]
[BlackElo "2613"]
[PlyCount "63"]
[EventDate "2019.05.31"]
[EventType "swiss"]
[EventRounds "6"]
[EventCountry "BRA"]
[SourceTitle "The Week in Chess 1282"]
[Source "Mark Crowther"]
[SourceDate "2019.06.03"]
[SourceVersion "1"]
[SourceVersionDate "2019.06.03"]
[SourceQuality "2"]

1. d4 Nf6 2. c4 e6 3. Nf3 c5 4. d5 b5 5. Nc3 b4 6. Nb1 exd5 7. cxd5 Bb7 8. Bg5
h6 9. Bxf6 Qxf6 10. e4 g5 11. e5 Qf4 12. Be2 g4 13. g3 Qf5 14. Nh4 Qxe5 15. O-O
Qxd5 16. Qxd5 Bxd5 17. Bxg4 Bg7 18. Nf5 Bxb2 19. Re1+ Kd8 20. Nd2 Bxa1 21. Rxa1
Nc6 22. Ne3 Be6 23. Bf3 Rc8 24. Ndc4 Nd4 25. Bd5 Ne2+ 26. Kg2 Nc3 27. Bxe6 fxe6
28. Nd6 Ke7 29. Nxc8+ Rxc8 30. Nd1 Nxd1 31. Rxd1 c4 32. Kg1 0-1

[Event "Contaud Open 2019"]
[Site "Cuiaba BRA"]
[Date "2019.06.01"]
[Round "3.3"]
[White "Delgado Ramirez, N."]
[Black "Brito, L."]
[Result "0-1"]
[WhiteElo "2613"]
[BlackElo "2274"]
[PlyCount "71"]
[EventDate "2019.05.31"]
[EventType "swiss"]
[EventRounds "6"]
[EventCountry "BRA"]
[SourceTitle "The Week in Chess 1282"]
[Source "Mark Crowther"]
[SourceDate "2019.06.03"]
[SourceVersion "1"]
[SourceVersionDate "2019.06.03"]
[SourceQuality "2"]

1. e4 c5 2. Nf3 d6 3. d4 cxd4 4. Nxd4 Nf6 5. Nc3 a6 6. Nb3 e6 7. g4 b5 8. Bg2
Bb7 9. g5 Nfd7 10. h4 Nc6 11. f4 Qc7 12. Be3 Nb6 13. Qe2 Nc4 14. O-O-O Rc8 15.
Kb1 Be7 16. Bc1 Nb4 17. Rh3 Qb6 18. f5 a5 19. fxe6 fxe6 20. Nd4 O-O 21. Qg4 e5
22. Nf5 Rc7 23. Rf3 d5 24. exd5 Bc5 25. Rdf1 Bc8 26. d6 Bxd6 27. Nxd6 Rxf3 28.
Qxf3 Qxd6 29. Nxb5 Qc5 30. Nxc7 Na3+ 31. Qxa3 Qxc2+ 32. Ka1 Bf5 33. Qc3 Kh8 34.
Be4 Kg8 35. Qb3+ Kh8 36. Bg2 0-1

[Event "Contaud Open 2019"]
[Site "Cuiaba BRA"]
[Date "2019.06.02"]
[Round "6.3"]
[White "Quintiliano Pinto, R."]
[Black "Delgado Ramirez, N."]
[Result "1/2-1/2"]
[WhiteElo "2438"]
[BlackElo "2613"]
[PlyCount "163"]
[EventDate "2019.05.31"]
[EventType "swiss"]
[EventRounds "6"]
[EventCountry "BRA"]
[SourceTitle "The Week in Chess 1282"]
[Source "Mark Crowther"]
[SourceDate "2019.06.03"]
[SourceVersion "1"]
[SourceVersionDate "2019.06.03"]
[SourceQuality "2"]

1. d4 Nf6 2. c4 e6 3. Nf3 Bb4+ 4. Nbd2 b6 5. a3 Bxd2+ 6. Qxd2 a5 7. b3 Bb7 8.
e3 O-O 9. Be2 d6 10. Bb2 Nbd7 11. O-O c5 12. Rad1 Qb8 13. dxc5 Ne4 14. Qc2 bxc5
15. Nd2 Nef6 16. Bc3 Ra6 17. Rb1 Qa8 18. f3 e5 19. Rfd1 Rb8 20. Nf1 Nf8 21. Rd2
Rb6 22. Qd1 Ne8 23. Rdb2 Ng6 24. Qd2 Bc8 25. Bd3 Be6 26. Ng3 Ne7 27. f4 f6 28.
Ne4 Rc8 29. fxe5 dxe5 30. Bxa5 Rb7 31. b4 Rd7 32. Nxc5 Rxc5 33. bxc5 Nc6 34.
Qe2 Qxa5 35. Bxh7+ Kf8 36. Be4 Ne7 37. c6 Rd8 38. h3 Qxa3 39. Rb8 Rxb8 40. Rxb8
Qa7 41. Rb7 Qc5 42. Rb5 Qxc4 43. Qxc4 Bxc4 44. Rb8 Kf7 45. Bf3 Bd3 46. Rb7 Ke6
47. e4 g6 48. Rb8 Nc7 49. Kf2 Nxc6 50. Rb6 Kd6 51. Rb2 Bc4 52. h4 Bf7 53. Rb7
Nd8 54. Rb6+ Ke7 55. Bd1 Nce6 56. g4 Nf4 57. Bb3 Be8 58. Bd1 Nde6 59. Rb7+ Bd7
60. Ra7 Nc5 61. Bf3 Kf8 62. Ra8+ Kg7 63. Ke3 Be6 64. Ra5 Nb3 65. Ra7+ Kh6 66.
Ra4 Bxg4 67. Bxg4 Ng2+ 68. Kf2 Nxh4 69. Bh3 Kg5 70. Ra3 Nc5 71. Rg3+ Kh5 72.
Re3 Kh6 73. Ke2 Kg5 74. Rg3+ Kh5 75. Re3 g5 76. Bc8 g4 77. Kf2 Kg5 78. Kg3 f5
79. exf5 Nxf5+ 80. Bxf5 Kxf5 81. Rxe5+ Kxe5 82. Kxg4 1/2-1/2

[Event "V Concordia Open 2019"]
[Site "Concordia BRA"]
[Date "2019.05.01"]
[Round "1.1"]
[White "Delgado Ramirez, N."]
[Black "Lazzarin, Luiz Henrique"]
[Result "1-0"]
[WhiteElo "2610"]
[BlackElo "1556"]
[PlyCount "95"]
[EventDate "2019.05.01"]
[EventType "swiss"]
[EventRounds "9"]
[EventCountry "BRA"]
[SourceTitle "The Week in Chess 1279"]
[Source "Mark Crowther"]
[SourceDate "2019.05.13"]
[SourceVersion "1"]
[SourceVersionDate "2019.05.13"]
[SourceQuality "2"]

1. e4 e5 2. Nf3 Nc6 3. d4 exd4 4. Nxd4 Nxd4 5. Qxd4 Qf6 6. e5 Qb6 7. Qxb6 axb6
8. Nc3 Bb4 9. Bd2 Ne7 10. a3 d6 11. Nb5 Bxd2+ 12. Kxd2 O-O 13. Nxc7 Ra5 14.
exd6 Rd8 15. Nb5 Nf5 16. b4 Ra8 17. Bd3 Nxd6 18. Nxd6 Rxd6 19. Kc3 Be6 20. Be4
Rc8+ 21. Kb2 Rd2 22. Rac1 g6 23. f4 Rc7 24. Rcd1 Re2 25. Rhe1 Rf2 26. Rd6 f5
27. Bd3 Bc4 28. Bxc4+ Rxc4 29. Re7 Rcxc2+ 30. Kb3 Rc8 31. Rdd7 Rxg2 32. Rg7+
Kf8 33. Rxh7 Kg8 34. Rdg7+ Kf8 35. Rxb7 Kg8 36. Rbg7+ Kf8 37. Ra7 Kg8 38. Ka4
Ra8 39. Kb5 Rxa7 40. Rxa7 Rxh2 41. Kxb6 Rf2 42. b5 Rxf4 43. Kc5 Rf1 44. b6 Rc1+
45. Kd5 Rb1 46. b7 f4 47. Ke4 g5 48. Ra8+ 1-0

[Event "V Concordia Open 2019"]
[Site "Concordia BRA"]
[Date "2019.05.01"]
[Round "2.1"]
[White "Prior, M."]
[Black "Delgado Ramirez, N."]
[Result "0-1"]
[WhiteElo "1867"]
[BlackElo "2610"]
[PlyCount "42"]
[EventDate "2019.05.01"]
[EventType "swiss"]
[EventRounds "9"]
[EventCountry "BRA"]
[SourceTitle "The Week in Chess 1279"]
[Source "Mark Crowther"]
[SourceDate "2019.05.13"]
[SourceVersion "1"]
[SourceVersionDate "2019.05.13"]
[SourceQuality "2"]

1. e4 c5 2. b3 g6 3. Bb2 Nf6 4. g3 Bg7 5. Bg2 O-O 6. d3 Nc6 7. Nf3 Re8 8. Nbd2
Nxe4 9. Bxg7 Nxd2 10. Qxd2 Kxg7 11. h4 h5 12. Qc3+ e5 13. Qxc5 d6 14. Qc3 Bg4
15. Qd2 Rc8 16. O-O Bxf3 17. Bxf3 Nd4 18. Bxb7 d5 19. Qd1 Rxc2 20. b4 Qd7 21.
Ba6 Rd2 0-1

[Event "V Concordia Open 2019"]
[Site "Concordia BRA"]
[Date "2019.05.02"]
[Round "3.1"]
[White "Delgado Ramirez, N."]
[Black "Filgueiras, Nathan Felipe"]
[Result "1-0"]
[WhiteElo "2610"]
[BlackElo "2170"]
[PlyCount "53"]
[EventDate "2019.05.01"]
[EventType "swiss"]
[EventRounds "9"]
[EventCountry "BRA"]
[SourceTitle "The Week in Chess 1279"]
[Source "Mark Crowther"]
[SourceDate "2019.05.13"]
[SourceVersion "1"]
[SourceVersionDate "2019.05.13"]
[SourceQuality "2"]

1. e4 c5 2. g3 Nc6 3. Bg2 g6 4. Ne2 Bg7 5. c3 e6 6. h4 h5 7. d3 d5 8. Bg5 Nge7
9. O-O O-O 10. Nd2 f6 11. exd5 Nxd5 12. c4 Ndb4 13. Be3 Nxd3 14. Ne4 Nxb2 15.
Qc2 f5 16. Nxc5 Na5 17. Nf4 Nbxc4 18. Rae1 Nxe3 19. Rxe3 Re8 20. Rd1 Qc7 21.
Qa4 Nc6 22. Nfxe6 Bxe6 23. Nxe6 Qb6 24. Rb3 Qa5 25. Qxa5 Nxa5 26. Rb5 Bc3 27.
Bd5 1-0

[Event "V Concordia Open 2019"]
[Site "Concordia BRA"]
[Date "2019.05.02"]
[Round "4.1"]
[White "Rodriques, E."]
[Black "Delgado Ramirez, N."]
[Result "0-1"]
[WhiteElo "2325"]
[BlackElo "2610"]
[PlyCount "118"]
[EventDate "2019.05.01"]
[EventType "swiss"]
[EventRounds "9"]
[EventCountry "BRA"]
[SourceTitle "The Week in Chess 1279"]
[Source "Mark Crowther"]
[SourceDate "2019.05.13"]
[SourceVersion "1"]
[SourceVersionDate "2019.05.13"]
[SourceQuality "2"]

1. e4 c5 2. Nf3 d6 3. d4 cxd4 4. Nxd4 Nf6 5. Nc3 a6 6. Qf3 g6 7. h3 Bg7 8. Bg5
Qa5 9. Be3 O-O 10. O-O-O Nc6 11. Nb3 Qc7 12. g4 Be6 13. Qg2 Nd7 14. Nd4 Nxd4
15. Bxd4 Bxd4 16. Rxd4 Qc5 17. Rd2 Rfc8 18. h4 Qa5 19. Rh3 Bxa2 20. Nxa2 Qxa2
21. Ra3 Qe6 22. Kb1 Ne5 23. f4 Nc4 24. Bxc4 Rxc4 25. Re3 Rac8 26. f5 Qe5 27.
Qf3 Qa5 28. fxg6 fxg6 29. Rf2 Ra4 30. Ra3 Qe1+ 31. Ka2 Qxe4 32. Rxa4 Qxa4+ 33.
Kb1 Qc4 34. h5 b5 35. hxg6 hxg6 36. g5 Qe6 37. Re2 Qf7 38. Qe4 Kf8 39. b3 Ke8
40. Kb2 Kd7 41. Qb7+ Rc7 42. Qb6 Qg7+ 43. Kb1 Qc3 44. Qxa6 Qc5 45. Qa5 Qxg5 46.
Qe1 Qf6 47. Rf2 Qh4 48. Qg1 Rc5 49. Rh2 Qe4 50. Rd2 Kc7 51. Qf1 Rc3 52. Qxb5
Qe1+ 53. Kb2 Qxd2 54. Qa5+ Kd7 55. Qxc3 Qxc3+ 56. Kxc3 e5 57. Kd3 d5 58. c4
dxc4+ 59. bxc4 g5 0-1

[Event "V Concordia Open 2019"]
[Site "Concordia BRA"]
[Date "2019.05.03"]
[Round "5.1"]
[White "Delgado Ramirez, N."]
[Black "Aranha Filho, A."]
[Result "1/2-1/2"]
[WhiteElo "2610"]
[BlackElo "2271"]
[PlyCount "125"]
[EventDate "2019.05.01"]
[EventType "swiss"]
[EventRounds "9"]
[EventCountry "BRA"]
[SourceTitle "The Week in Chess 1279"]
[Source "Mark Crowther"]
[SourceDate "2019.05.13"]
[SourceVersion "1"]
[SourceVersionDate "2019.05.13"]
[SourceQuality "2"]

1. e4 c5 2. Nf3 Nc6 3. Bb5 g6 4. Bxc6 dxc6 5. d3 Bg7 6. Nbd2 e5 7. a4 Be6 8. b3
Nf6 9. Nc4 Bxc4 10. bxc4 O-O 11. Bb2 Nd7 12. a5 Re8 13. Ra3 b5 14. Qa1 bxc4 15.
O-O Qe7 16. Nd2 cxd3 17. cxd3 f6 18. Rb3 Nf8 19. Qa4 Rac8 20. Ba3 Ne6 21. Rfb1
h5 22. Rb7 Rc7 23. a6 Rec8 24. Qc4 Kh7 25. Rxc7 Rxc7 26. Rb7 Bf8 27. Nb3 Qd7
28. h3 Bd6 29. Rxc7 Nxc7 30. Bxc5 Bxc5 31. Nxc5 Qe8 32. d4 exd4 33. Qxd4 Qe7
34. Nd7 Kg7 35. e5 fxe5 36. Nxe5 c5 37. Qc3 Kh7 38. Qg3 Qd6 39. Qf4 Nxa6 40.
Qf7+ Kh6 41. Nf3 Nc7 42. h4 Nd5 43. Ng5 Nf6 44. g3 Qd1+ 45. Kh2 Qd6 46. Qxa7
Ng4+ 47. Kh3 Nxf2+ 48. Kg2 Qd5+ 49. Kxf2 Qd2+ 50. Kf3 Qd1+ 51. Ke3 Qd4+ 52. Ke2
Qc4+ 53. Kf2 Qc2+ 54. Kf3 Qc3+ 55. Kf2 Qf6+ 56. Ke3 Qd4+ 57. Kf3 Qd3+ 58. Kf4
Qd6+ 59. Ke3 Qd4+ 60. Ke2 Qb2+ 61. Kf3 Qc3+ 62. Kf4 Qf6+ 63. Ke3 1/2-1/2

[Event "V Concordia Open 2019"]
[Site "Concordia BRA"]
[Date "2019.05.03"]
[Round "6.2"]
[White "Di Berardino, D."]
[Black "Delgado Ramirez, N."]
[Result "0-1"]
[WhiteElo "2512"]
[BlackElo "2610"]
[PlyCount "102"]
[EventDate "2019.05.01"]
[EventType "swiss"]
[EventRounds "9"]
[EventCountry "BRA"]
[SourceTitle "The Week in Chess 1279"]
[Source "Mark Crowther"]
[SourceDate "2019.05.13"]
[SourceVersion "1"]
[SourceVersionDate "2019.05.13"]
[SourceQuality "2"]

1. d4 Nf6 2. c4 e6 3. Nc3 Bb4 4. e3 O-O 5. Bd3 d5 6. a3 Bxc3+ 7. bxc3 dxc4 8.
Bxc4 c5 9. Nf3 Qc7 10. Ba2 b6 11. O-O Bb7 12. Bb2 Nbd7 13. c4 Rfd8 14. Qe2 cxd4
15. exd4 Qf4 16. Nd2 Rac8 17. f3 Nc5 18. g3 Qd6 19. Rac1 Na4 20. Ba1 Qxa3 21.
Bb3 b5 22. Rb1 Nb6 23. c5 Nbd5 24. Ne4 b4 25. Rfe1 Ba6 26. Qd2 Qa5 27. Nd6 Rc6
28. Bb2 Rcxd6 29. Ra1 Qc7 30. cxd6 Rxd6 31. Rec1 Qb8 32. Rc5 h5 33. Rca5 Qb7
34. Rc5 Bb5 35. Rac1 Rd8 36. Qg5 a5 37. Ra1 Qa6 38. Bc1 a4 39. Bc2 Re8 40. Kf2
Qb6 41. Bd2 Ra8 42. Bb3 Qb7 43. Bc4 b3 44. Rb1 b2 45. Qe5 a3 46. Ba2 Ba4 47.
Qe2 Bb3 48. Rb5 Bxa2 49. Rxb7 Bxb1 50. Qb5 Bg6 51. Qc5 a2 0-1

[Event "V Concordia Open 2019"]
[Site "Concordia BRA"]
[Date "2019.05.04"]
[Round "7.1"]
[White "Delgado Ramirez, N."]
[Black "Mekhitarian, K."]
[Result "1/2-1/2"]
[WhiteElo "2610"]
[BlackElo "2539"]
[PlyCount "32"]
[EventDate "2019.05.01"]
[EventType "swiss"]
[EventRounds "9"]
[EventCountry "BRA"]
[SourceTitle "The Week in Chess 1279"]
[Source "Mark Crowther"]
[SourceDate "2019.05.13"]
[SourceVersion "1"]
[SourceVersionDate "2019.05.13"]
[SourceQuality "2"]

1. e4 e5 2. Nf3 Nc6 3. Bb5 Nf6 4. d3 Bc5 5. Bxc6 dxc6 6. Be3 Bd6 7. Nbd2 Ng4 8.
Bg5 f6 9. Bh4 c5 10. Nc4 b5 11. Nxd6+ cxd6 12. a4 b4 13. Nd2 O-O 14. Qe2 Be6
15. f3 Nh6 16. O-O Qd7 1/2-1/2

[Event "V Concordia Open 2019"]
[Site "Concordia BRA"]
[Date "2019.05.04"]
[Round "8.3"]
[White "Jimenez, Joa"]
[Black "Delgado Ramirez, N."]
[Result "0-1"]
[WhiteElo "2247"]
[BlackElo "2610"]
[PlyCount "114"]
[EventDate "2019.05.01"]
[EventType "swiss"]
[EventRounds "9"]
[EventCountry "BRA"]
[SourceTitle "The Week in Chess 1279"]
[Source "Mark Crowther"]
[SourceDate "2019.05.13"]
[SourceVersion "1"]
[SourceVersionDate "2019.05.13"]
[SourceQuality "2"]

1. e4 c5 2. Nf3 d6 3. d4 cxd4 4. Nxd4 Nf6 5. Nc3 a6 6. Bg5 Nbd7 7. Qe2 e6 8.
O-O-O h6 9. Bh4 g5 10. Bg3 Qc7 11. h4 Rg8 12. hxg5 hxg5 13. Qe3 Be7 14. Be2 Ne5
15. f3 Bd7 16. Qg1 b5 17. a3 Rc8 18. Rh6 Qb8 19. Qh2 Ng6 20. Nb3 e5 21. Qg1 Bd8
22. Bf2 a5 23. Kb1 b4 24. axb4 a4 25. Nc1 Qxb4 26. N3a2 Qb7 27. c3 a3 28. Rd2
Ba5 29. Ka1 axb2+ 30. Rxb2 Qa8 31. Kb1 Ke7 32. Be1 Nf4 33. Bd1 Rc7 34. g3 Ne6
35. Nb3 Rb8 36. Qe3 Ba4 37. Qd2 g4 38. Nxa5 Rxb2+ 39. Kxb2 Bxd1 40. Qxd1 Qxa5
41. Nb4 Qb5 42. f4 Rc4 43. f5 Nd4 44. cxd4 Rxb4+ 45. Bxb4 Qxb4+ 46. Qb3 Qd2+
47. Qc2 Qxh6 48. dxe5 Ne8 49. f6+ Kf8 50. exd6 Qxf6+ 51. Qc3 Qxc3+ 52. Kxc3
Nxd6 53. Kd4 Ke7 54. Ke5 f6+ 55. Kf4 Ke6 56. Kxg4 Nxe4 57. Kf4 Nxg3 0-1

[Event "V Concordia Open 2019"]
[Site "Concordia BRA"]
[Date "2019.05.05"]
[Round "9.1"]
[White "Delgado Ramirez, N."]
[Black "El Debs, F."]
[Result "1/2-1/2"]
[WhiteElo "2610"]
[BlackElo "2529"]
[PlyCount "21"]
[EventDate "2019.05.01"]
[EventType "swiss"]
[EventRounds "9"]
[EventCountry "BRA"]
[SourceTitle "The Week in Chess 1279"]
[Source "Mark Crowther"]
[SourceDate "2019.05.13"]
[SourceVersion "1"]
[SourceVersionDate "2019.05.13"]
[SourceQuality "2"]

1. e4 e5 2. Nf3 d6 3. d4 exd4 4. Qxd4 Nc6 5. Bb5 Bd7 6. Bxc6 Bxc6 7. Nc3 Be7 8.
O-O Bf6 9. Qd3 Ne7 10. Re1 O-O 11. Bg5 1/2-1/2

[Event "Zonal 2.5 2019"]
[Site "Montevideo URU"]
[Date "2019.04.15"]
[Round "4.2"]
[White "Delgado Ramirez, N."]
[Black "Roselli Mailhe, B."]
[Result "1/2-1/2"]
[WhiteElo "2616"]
[BlackElo "2454"]
[PlyCount "88"]
[EventDate "2019.04.13"]
[EventType "swiss"]
[EventRounds "9"]
[EventCountry "URU"]
[SourceTitle "The Week in Chess 1276"]
[Source "Mark Crowther"]
[SourceDate "2019.04.22"]
[SourceVersion "1"]
[SourceVersionDate "2019.04.22"]
[SourceQuality "2"]

1. e4 e6 2. d4 d5 3. Nc3 Bb4 4. Nge2 Nc6 5. a3 Ba5 6. e5 f6 7. b4 Bb6 8. Na4
fxe5 9. dxe5 Qh4 10. Nxb6 axb6 11. Bb2 Nh6 12. Qd3 O-O 13. g3 Qe7 14. Bg2 Bd7
15. O-O Na7 16. a4 c5 17. b5 Be8 18. c4 Bg6 19. Qb3 d4 20. a5 Rab8 21. Nxd4
cxd4 22. axb6 Nc8 23. Ba3 Qf7 24. c5 Rd8 25. Bc1 d3 26. Bg5 Re8 27. Ra4 Qf5 28.
h4 Bh5 29. Be4 Qf7 30. Bxh6 gxh6 31. Qxd3 Ne7 32. Rd4 Bg6 33. Rd7 Bxe4 34. Qxe4
Qg6 35. Qd4 Nf5 36. Qf4 Ne7 37. Qc4 Nd5 38. Rd6 Ne3 39. fxe3 Qxg3+ 40. Kh1 Qh3+
41. Kg1 Qg3+ 42. Kh1 Qh3+ 43. Kg1 Qg3+ 44. Kh1 Qh3+ 1/2-1/2

[Event "Zonal 2.5 2019"]
[Site "Montevideo URU"]
[Date "2019.04.16"]
[Round "5.3"]
[White "Real de Azua, E."]
[Black "Delgado Ramirez, N."]
[Result "1/2-1/2"]
[WhiteElo "2474"]
[BlackElo "2616"]
[PlyCount "51"]
[EventDate "2019.04.13"]
[EventType "swiss"]
[EventRounds "9"]
[EventCountry "URU"]
[SourceTitle "The Week in Chess 1276"]
[Source "Mark Crowther"]
[SourceDate "2019.04.22"]
[SourceVersion "1"]
[SourceVersionDate "2019.04.22"]
[SourceQuality "2"]

1. d4 Nf6 2. c4 e6 3. Nc3 Bb4 4. g3 c5 5. Nf3 Ne4 6. Qc2 cxd4 7. Nxd4 Nxc3 8.
bxc3 Be7 9. Bg2 a6 10. O-O d6 11. c5 dxc5 12. Nf3 f6 13. Bf4 O-O 14. Rfd1 Qe8
15. Nd2 e5 16. Be3 Nc6 17. Qb3+ Kh8 18. Ne4 Na5 19. Qd5 Bg4 20. Bxc5 Nc6 21.
Qc4 b5 22. Qd3 Rd8 23. Qe3 Bxc5 24. Nxc5 Bc8 25. Rxd8 Nxd8 26. a4 1/2-1/2

[Event "Zonal 2.5 2019"]
[Site "Montevideo URU"]
[Date "2019.04.16"]
[Round "6.4"]
[White "Delgado Ramirez, N."]
[Black "Rodriguez Vila, A."]
[Result "0-1"]
[WhiteElo "2616"]
[BlackElo "2480"]
[PlyCount "104"]
[EventDate "2019.04.13"]
[EventType "swiss"]
[EventRounds "9"]
[EventCountry "URU"]
[SourceTitle "The Week in Chess 1276"]
[Source "Mark Crowther"]
[SourceDate "2019.04.22"]
[SourceVersion "1"]
[SourceVersionDate "2019.04.22"]
[SourceQuality "2"]

1. e4 e6 2. d4 d5 3. Nd2 Be7 4. exd5 exd5 5. Bd3 Nf6 6. h3 O-O 7. Ngf3 c5 8.
dxc5 a5 9. O-O Nbd7 10. Nb3 a4 11. Nbd4 Nxc5 12. Be3 Nfe4 13. a3 f5 14. Nb5 f4
15. Bd4 Ra6 16. Nc3 Nxd3 17. Qxd3 Bf5 18. Qb5 Nxc3 19. Bxc3 Be4 20. Rfe1 Bf6
21. Bb4 Re8 22. Rad1 Rae6 23. c3 Bh4 24. Rxe4 Rxe4 25. Rxd5 Re1+ 26. Nxe1 Bxf2+
27. Kxf2 Qh4+ 28. Kg1 Rxe1+ 29. Qf1 Rxf1+ 30. Kxf1 f3 31. Rd4 fxg2+ 32. Kxg2
Qg5+ 33. Kf3 h5 34. h4 Qc1 35. Ke4 Qxb2 36. Kd5 Qg2+ 37. Kd6 Kf7 38. Kc7 Qc6+
39. Kb8 b5 40. Ka7 Ke6 41. Kb8 Qb6+ 42. Kc8 g6 43. Rd2 Qc6+ 44. Kb8 Kf5 45. Rd6
Qe8+ 46. Kc7 Qe7+ 47. Kb6 Qxh4 48. Kxb5 Qe4 49. c4 h4 50. Rd5+ Kg4 51. Bd6 g5
52. Rd2 Qe3 0-1

[Event "Zonal 2.5 2019"]
[Site "Montevideo URU"]
[Date "2019.04.17"]
[Round "7.7"]
[White "Rodriguez, Sa"]
[Black "Delgado Ramirez, N."]
[Result "0-1"]
[WhiteElo "2257"]
[BlackElo "2616"]
[PlyCount "74"]
[EventDate "2019.04.13"]
[EventType "swiss"]
[EventRounds "9"]
[EventCountry "URU"]
[SourceTitle "The Week in Chess 1276"]
[Source "Mark Crowther"]
[SourceDate "2019.04.22"]
[SourceVersion "1"]
[SourceVersionDate "2019.04.22"]
[SourceQuality "2"]

1. d4 Nf6 2. Bg5 e6 3. e4 c5 4. d5 h6 5. Bxf6 Qxf6 6. Nc3 a6 7. a4 d6 8. Nf3
Nd7 9. Be2 e5 10. Nd2 g6 11. Bg4 Qd8 12. Nc4 Nf6 13. Bxc8 Rxc8 14. a5 Bg7 15.
Ra3 O-O 16. Rb3 Rc7 17. Rb6 Ne8 18. Qg4 Kh7 19. O-O f5 20. Qh3 Rcf7 21. Rb1 Qd7
22. f3 Bf6 23. b4 cxb4 24. R6xb4 Qc8 25. exf5 gxf5 26. Ne4 Bd8 27. Kh1 Qc7 28.
Rxb7 Qxb7 29. Rxb7 Rxb7 30. Ned2 Bg5 31. g4 Nf6 32. gxf5 Nxd5 33. Qg4 Nf6 34.
Qg2 Rg7 35. Qe2 d5 36. Nxe5 Re8 37. f4 Bxf4 0-1

[Event "Zonal 2.5 2019"]
[Site "Montevideo URU"]
[Date "2019.04.18"]
[Round "8.4"]
[White "Delgado Ramirez, N."]
[Black "Perez Ponsa, F."]
[Result "1-0"]
[WhiteElo "2616"]
[BlackElo "2562"]
[PlyCount "135"]
[EventDate "2019.04.13"]
[EventType "swiss"]
[EventRounds "9"]
[EventCountry "URU"]
[SourceTitle "The Week in Chess 1276"]
[Source "Mark Crowther"]
[SourceDate "2019.04.22"]
[SourceVersion "1"]
[SourceVersionDate "2019.04.22"]
[SourceQuality "2"]

1. d4 Nf6 2. Nc3 d5 3. Bf4 e6 4. e3 Bb4 5. Nge2 Ne4 6. f3 Nxc3 7. Nxc3 O-O 8.
Qd2 c5 9. a3 Qa5 10. Bd6 Rd8 11. dxc5 b6 12. Rb1 Bxc3 13. Qxc3 Qxc3+ 14. bxc3
Bb7 15. Bc7 Rc8 16. cxb6 axb6 17. Bxb8 Rcxb8 18. Rxb6 Bc8 19. Rxb8 Rxb8 20. Kf2
Rb1 21. Rg1 Ra1 22. Bd3 Rxa3 23. Rb1 Ra8 24. c4 Bd7 25. Rb7 Be8 26. cxd5 exd5
27. Bb5 Kf8 28. Ke2 Rc8 29. Kd3 Rc5 30. Bxe8 Kxe8 31. g4 Ra5 32. Kd4 h5 33. g5
g6 34. Rc7 Kf8 35. f4 Ra1 36. Kxd5 Rh1 37. e4 Rxh2 38. f5 gxf5 39. exf5 Re2 40.
c4 h4 41. Rc6 h3 42. Rh6 h2 43. c5 Kg7 44. f6+ Kg8 45. Kd4 Rd2+ 46. Kc3 Rd5 47.
Kc4 Rd2 48. Rh4 Rc2+ 49. Kd5 Rd2+ 50. Kc6 Rc2 51. Kd6 Rd2+ 52. Kc7 Rc2 53. c6
Rd2 54. Kc8 Rc2 55. c7 Rd2 56. g6 fxg6 57. Kb7 Rb2+ 58. Ka6 Ra2+ 59. Kb5 Rb2+
60. Ka4 Ra2+ 61. Kb4 Ra8 62. Rxh2 Kf7 63. Rc2 Rc8 64. Rc6 g5 65. Kb5 g4 66. Kb6
g3 67. Kb7 g2 68. Rc1 1-0

[Event "Zonal 2.5 2019"]
[Site "Montevideo URU"]
[Date "2019.04.19"]
[Round "9.2"]
[White "Mareco, S."]
[Black "Delgado Ramirez, N."]
[Result "1-0"]
[WhiteElo "2651"]
[BlackElo "2616"]
[PlyCount "59"]
[EventDate "2019.04.13"]
[EventType "swiss"]
[EventRounds "9"]
[EventCountry "URU"]
[SourceTitle "The Week in Chess 1276"]
[Source "Mark Crowther"]
[SourceDate "2019.04.22"]
[SourceVersion "1"]
[SourceVersionDate "2019.04.22"]
[SourceQuality "2"]

1. d4 Nf6 2. c4 e6 3. Nf3 d5 4. Nc3 Be7 5. Bf4 O-O 6. e3 Nbd7 7. Bd3 c5 8. cxd5
Nxd5 9. Nxd5 exd5 10. dxc5 Nxc5 11. O-O Ne6 12. Bg3 Bf6 13. Rc1 Qb6 14. b3 Bd7
15. Ne5 Rad8 16. Qg4 Bb5 17. Rfd1 Bxd3 18. Nxd3 Qa5 19. Rc2 d4 20. e4 Be7 21.
f4 Nc5 22. b4 Qa4 23. Rxc5 Bxc5 24. bxc5 Qxa2 25. f5 f6 26. Bd6 Rfe8 27. e5
fxe5 28. Nxe5 h5 29. Qxh5 d3 30. f6 1-0